| 000 | 01431cam a22001935a 4500 | ||
|---|---|---|---|
| 001 | L155378 | ||
| 008 | 120320s1771 xxk f 000 0 eng d | ||
| 035 | _a(Sirsi) u155378 | ||
| 041 | 0 | _aeng | |
| 100 | 1 |
_aYoung, Arthur _d1741-1820 |
|
| 245 | 0 | 4 |
_aThe farmer's tour through the East of England _bBeing the register of a journey through various counties of this Kingdom, to enquire into the state of agriculture, &c. Containing, I. The particular Methods of cultivating the Soil. II. The Conduct of live Stock, and the modern System of Breeding. III. The State of Population, the Poor, Labour, Provisions, &c. IV. The Rental and Value of the Soil, and its Division into Farms, with various Circumstances attending their Size and State. V. The Minutes of above five hundred original Experiments, communicated by several of the Nobility, Gentry, &c. With Other Subjects that tend to explain the present State of English Husbandry. By the author of the Farmer's letters, and the Tours through the North and South of England. In Four Volumes. ... |
| 260 |
_aLondon _bprinted for W. Strahan; W. Nicoll, No. 51. St, Paul's Church-Yard; B. Collins, at Salisbury; and J. Balfour, Edinburgh _cMDCCLXXI. [1771] |
||
| 300 |
_a4v., plates, table _c8o |
||
| 520 | _aThe dedication signed: Arthur Young | ||
| 583 |
_aCondition reviewed _c20120620 _lcondition level 1 |
||
| 651 | 4 |
_aGreat Britain _y1707- |
|
| 690 |
_aRural _96268 |
||
| 942 | _n0 | ||
| 999 |
_c113521 _d113521 |
||